000 00546nam a2200229Ia 4500
003 OSt
005 20220918201941.0
006 a|||||r|||| 00| 0
007 ta
008 220917b |||||||| |||| 00| 0 eng d
024 _a97,663
037 _cTextual
040 _aARTS
_cARTS
_beng
041 _2eng
_aeng
082 _aV2:242:N4, H1
100 _aEL Hamza
_9101464
245 0 _aPakistan
_b a nation
260 _c1941
650 _aHISTORY
942 _hV2:242:N4, H1
_cTEXL
_2CC
999 _c221258
_d221258